000 01201nam a22003257a 4500
003 CHAP
005 20220329135602.0
008 971013s1982 r 00010 d
010 _a38891
011 _a39863
035 _a43988
040 _cCHAP
090 _aTesis
100 0 0 _aMolina Solís, Elsy Genny.
_977394
245 _aEstudio de asociación de variables cuantitativas de la mazorca de maíz (Zea mays L.) mediante los coeficientes de correlación de pearson-paramétrico y de Spearmanno paramétrico
260 _a(Monterrey, N.L.) :
_bEl autor,
_c1982
300 _a93 h
502 _aTesis (M.C. Esp. Fitomejoramiento) -- ITESM. Div. de Ciencias Agropecuarias y Marítimas
590 _aALEPH
_b10
_c20130110
_lUCH01
_h1305
590 _aBATCH-UPD
_b10
_c20130110
_lUCH01
_h0230
590 _aBATCH-UPD
_b10
_c20130110
_lUCH01
_h2310
590 _aBATCH-UPD
_b10
_c20130409
_lUCH01
_h2253
590 _aBATCH-UPD
_b10
_c20130410
_lUCH01
_h1602
590 _aBATCH-UPD
_b10
_c20130914
_lUCH01
_h1751
590 _aCONVERSION
_b10
_c20130109
_lUCH01
_h1322
650 1 4 _aMaíz
_xMétodos estadísticos.
_971021
901 _aBK
942 _cTESIS
949 _bBC
_cTES
_d-100650
_eTS1
_i43988
_si
999 _c38891
_d38891